| Tag |
First Indicator |
Second Indicator |
Subfields |
| LEADER |
00000pam a2200000 a 4500 |
| 001 |
in00000089488 |
| 005 |
20151008063500.0 |
| 008 |
810723s1981 caua b 00110 eng |
| 010 |
|
|
|a 81009309
|
| 020 |
|
|
|a 0803917171
|
| 020 |
|
|
|a 080391718X (pbk.)
|
| 035 |
|
|
|a (OCoLC)07671929
|
| 035 |
|
|
|9 AAK2324AM
|
| 039 |
0 |
|
|a 2
|b 3
|c 3
|d 3
|e 3
|
| 040 |
|
|
|a DLC
|c DLC
|d TXA
|d UtOrBLW
|
| 049 |
|
|
|a TXAM
|c [951716]
|
| 050 |
0 |
0 |
|a LB1033
|b .S23
|
| 082 |
0 |
|
|a 370.15
|2 19
|
| 100 |
1 |
|
|a Salomon, Gavriel.
|
| 245 |
1 |
0 |
|a Communication and education :
|b social and psychological interactions /
|c Gavriel Salomon.
|
| 264 |
|
1 |
|a Beverly Hills, Calif. :
|b Sage Publications,
|c [1981]
|
| 264 |
|
4 |
|c ©1981
|
| 300 |
|
|
|a 271 pages :
|b illustrations ;
|c 22 cm.
|
| 336 |
|
|
|a text
|b txt
|2 rdacontent
|
| 337 |
|
|
|a unmediated
|b n
|2 rdamedia
|
| 338 |
|
|
|a volume
|b nc
|2 rdacarrier
|
| 490 |
1 |
|
|a People and communication ;
|v v. 13
|
| 500 |
|
|
|a Includes indexes.
|
| 504 |
|
|
|a Bibliography: pages 241-258.
|
| 650 |
|
0 |
|a Interaction analysis in education.
|
| 650 |
|
0 |
|a Communication in education.
|
| 650 |
|
0 |
|a Interpersonal communication.
|
| 830 |
|
0 |
|a People and communication ;
|v v. 13.
|
| 999 |
|
|
|a MARS
|
| 999 |
f |
f |
|s ce346d7f-c9fe-36ef-b381-2f7df2e7e483
|i fc212211-3414-38e1-849b-d03480da0dd2
|t 0
|
| 952 |
f |
f |
|p normal
|a Texas A&M University
|b College Station
|c Sterling C. Evans Library
|d Evans: Library Stacks
|t 0
|e LB1033 .S23
|h Library of Congress classification
|i unmediated -- volume
|m A14806159723
|
| 998 |
f |
f |
|a LB1033 .S23
|t 0
|l Evans: Library Stacks
|